Länder mit den meisten Atheisten - Statistiken

Allgemein
  • Dieses Quiz wurde 46 mal gespielt
  • Das Durchschnittsergebnis liegt bei 10 aus 20
Antwortstatistiken
Anteil Land % Korrekt
29,0% USA
83%
42,2% China
78%
23,9% Kanada
75%
22,3% Australien
70%
43,3% Südkorea
68%
42,5% Russland
63%
38,5% Neuseeland
60%
28,2% Frankreich
50%
42,0% Niederlande
50%
54,1% Estland
48%
25,1% Lettland
48%
34,5% Tschechien
48%
27,0% Belgien
45%
25,7% Vereinigtes Königreich
45%
64,3% Nordkorea
40%
81,6% Vietnam
38%
41,1% Belarus
33%
38,6% Mongolei
33%
40,4% Uruguay
13%
23,3% Kuba
5%
Keine übereinstimmenden Quizze gefunden
Verteilung der Resultate
Anzahl Personen mit jedem Resultat
Perzentil nach korrekt beantworteten Fragen
Ihre Resultats-Entwicklung
Sie haben dieses Quiz noch nicht gespielt